| 000 | 02370cam a22005774i 4500 | ||
|---|---|---|---|
| 001 | u38481 | ||
| 003 | PE-LiUPU | ||
| 005 | 20250731180134.0 | ||
| 008 | 160108s2006 pe a r 000 0 spa d | ||
| 020 | _a9972293300 | ||
| 035 | _a(Sirsi) i9789972293306 | ||
| 040 |
_aPE-LiUPU _bspa _cPE-LiUPU _erda |
||
| 049 | _aPRUA | ||
| 082 | 0 | 4 |
_a511.8 _bA39 _221 |
| 100 | 1 |
_aAliaga Valdez, Carlos, _eautor. |
|
| 245 | 1 | 0 |
_aMatemáticas financieras : _binterés y descuento / _cCarlos Aliaga Valdez y Carlos Aliaga Calderón. |
| 264 | 1 |
_aLima : _bECITEC, _c2006. |
|
| 300 |
_a294 páginas : _bilustraciones ; _c21 centímetros |
||
| 336 |
_atext _2rdacontent |
||
| 337 |
_aunmediated _2rdamedia |
||
| 338 |
_avolume _2rdacarrier |
||
| 490 | 0 | _a"Técnicas a su alcance para el diseño e implementción de modelos matemático-financieros" -- Cubierta | |
| 505 | 0 | _aFundamentos matemáticos -- Interés y monto -- Interés simple -- Interés compuesto -- Descuento racional -- Descuento bancario -- Descuento comercial. | |
| 526 | _aSEG44 | ||
| 526 | _aSEG26 | ||
| 526 | _aP159 | ||
| 526 | _aP155 | ||
| 526 | _aP154 | ||
| 526 | _aP153 | ||
| 526 | _aP150 | ||
| 526 | _aP100 | ||
| 526 | _aP31 | ||
| 526 | _aP30 | ||
| 526 | _aP26 | ||
| 526 | _aP25 | ||
| 526 | _aP24 | ||
| 526 | _aP22 | ||
| 526 | _aP15 | ||
| 526 | _aP10 | ||
| 541 | _g004-02322; | ||
| 596 | _a1 2 | ||
| 650 | 0 | 4 | _aMatemáticas comerciales. |
| 700 | 1 |
_aAliaga Calderón, Carlos, _eautor. |
|
| 942 |
_2ddc _cBOOK |
||
| 994 |
_aC0 _bPEPRU |
||
| 949 |
_a511.8 A39 _wDEWEY _c1 _i57770 _d2018-5-15 _e2018-5-11 _f2018-2-12 _g3 _lCCODEBUL1 _mBUL _n8 _p6.00 _q1 _r0 _sY _tBOOK _u2015-6-25 _xFCE _PP08 _0COMPRA _o.STAFF. Colección General |
||
| 949 |
_a658.4033 A42 _wDEWEY _c1 _iFT01027 _lCCODEBUT1 _mBUT _p5.00 _r0 _sY _tBOOK _u2016-1-8 _xBIBLIOTECA _zUNKNOWN _0COMPRA _o.STAFF. Colección General |
||
| 999 |
_a511.8 A39 _wDEWEY _c46770 _i57770 _d46770 _e2018-6-18 _f2021-11-5 _g5 _lCCODEBUL1 _mBUL _n10 _p6.00 _q2 _r0 _sY _tBOOK _u2015-6-25 _xBIBLIOTECA _PP08 _0COMPRA _o.STAFF. Colección General |
||
| 999 |
_a658.4033 A42 _wDEWEY _c1 _iFT01027 _f2019-2-18 _g1 _lCCODEBUT1 _mBUT _p5.00 _r0 _sY _tBOOK _u2016-1-8 _xBIBLIOTECA _zUNKNOWN _0COMPRA _o.STAFF. Colección General |
||
| 980 |
_81 _gALBERTO SANCHEZ Responsable de Automatización |
||